| 000 | 00456nam a2200157Ia 4500 | ||
|---|---|---|---|
| 999 |
_c6898 _d6898 |
||
| 003 | OSt | ||
| 005 | 20191221113205.0 | ||
| 008 | 190216s9999||||xx |||||||||||||| ||und|| | ||
| 040 | _coclc | ||
| 082 |
_a338.5024658 _bTHO/M |
||
| 100 |
_aThomas, P C _9645 |
||
| 245 | 0 |
_aManagerial Economics / _c P C Thomas |
|
| 260 |
_bAkhil Publications, _aVaikom: _c2000. |
||
| 300 | _a246p | ||
| 942 |
_cBK _2ddc _h338.5024658 _iTHO/M _k338.5024658 _mTHO/M |
||